| 000 | 00398nam a2200145Ia 4500 | ||
|---|---|---|---|
| 008 | 220216s9999 xx 000 0 und d | ||
| 100 | _aViswanathan P.K. | ||
| 245 | 0 | _aRubberwood processing industry in India: Challenges and policy options | |
| 260 |
_bWood News _c2005 |
||
| 300 | _a36-42 | ||
| 650 | _aPolicy option | ||
| 650 | _aRubber wood processing | ||
| 700 | _aGeorge K.T. | ||
| 942 | _cBS | ||
| 999 |
_c51628 _d51628 |
||